00687cam a2200193 a 450000100100000000500170001000800410002701000130006804000230008108200190010410000410012324500280016426000450019230000270023765100580026491000340032295201220035699900150047800000164420200929145640.0791018s1975 aw a 001 0 eng  a79316349 aDO-SdBNPcDLCdDLC a972.986bH334b1 aHartog, J.q(Johannes),d1912-9536510aBonaire /cJoh. Hartog. aOranjestad, Aruba :bD.J. DE WIT,c1975. a57 p. :bil. ;c21 cm. 4aBonaire (Antillas Neerlandesas{Rpara}xHistoria95366 aCatalogación por copia / LC 001052708MOaGRbGRcCTd2009-09-18iLF1l0o972.986 H334bp1644-10r2020-06-25w2020-06-25y2ZPréstamo interno c1531d1531